000
00361pab a2200169 454500
008
180718b2008 xxu||||| |||| 00| 0 eng d
100
_a
Sen, Arup Kumar
245
_a
A political reading
260
_c
2008
300
_a
p.7.
362
_a
15 Mar
650
_a
Budget - India
650
_a
Budget
773
_a
Mainstream
908
_a
N
909
_a
77490
999
_c
77490
_d
77490